| 000 | 00515nam a2200169 i 4500 | ||
|---|---|---|---|
| 001 | 21475 | ||
| 003 | ES-MaACL | ||
| 005 | 20231221152502.0 | ||
| 007 | t| | ||
| 008 | 021125s1924 sp ||||1| spa d | ||
| 100 | 1 |
_aAlcalá Zamora, Niceto, _d1877-1949 _919473 |
|
| 245 | 1 | 3 |
_aLa Unidad del estado y la diversidad de sus legislaciones civiles / _cNiceto Alcalá-Zamora y Torres. |
| 260 |
_aMadrid : _bReus, _c1924. |
||
| 300 |
_a40 p. ; _c25 cm. |
||
| 852 |
_aES-MaACL _j1672-F-7 _bR.4376 |
||
| 999 |
_c21475 _d21475 |
||